000 00439nam a2200121Ia 4500
008 220217s9999 xx 000 0 und d
245 0 _aMethods of analysis of fats and fatty oils-Part 1- Physical methods. section 1.14. determination of lovibond colour
260 _aLondon
260 _c1998
_bBritish Standards Institution
500 _aStandard number: BS 684-1.14: ISO 15305
650 _aFats, fatty oils-lovibond colour
942 _cST
999 _c73152
_d73152